| 000 | 01056nam a22002297a 4500 | ||
|---|---|---|---|
| 005 | 20210325205000.0 | ||
| 008 | s2553 th tha d | ||
| 020 | _a9786169020073 | ||
| 041 | _atha | ||
| 050 | _aBQ4570.W4 ว111ค 2553 | ||
| 100 | 0 | _aพระมหาวุฒิชัย วชิรเมธี (ว.วชิรเมธี) | |
| 245 | 1 | 0 | _aเคล็ดลับหัวใจเศรษฐี |
| 260 | 3 |
_aกรุงเทพฯ : _bปราณ, _c2553 |
|
| 300 |
_a141 หน้า : _b ภาพประกอบ ; _c 18 ซม. |
||
| 650 | 0 | 4 | _aความสำเร็จทางธุรกิจ -- แง่ศาสนา -- พุทธศาสนา |
| 650 | 0 | 4 | _aเศรษฐี -- แง่ศาสนา -- พุทธศาสนา |
| 850 | _aNALT | ||
| 942 |
_cGB _01 |
||
| 997 | _aบ 23367 ฉ.1 /บ 23368 ฉ.2 | ||
| 997 | _c000000000062319 | ||
| 998 | _aนางสาวชัชฎา จูฑะรักษ์ | ||
| 999 |
_c62319 _d62319 |
||